| 000 | 005930000a22002050004500 | ||
|---|---|---|---|
| 003 | LK-CoMWRAF | ||
| 005 | 20231218102522.0 | ||
| 008 | 230817t1979 ||||| |||| 00| 0 eng d | ||
| 020 | _a0330282328 | ||
| 040 |
_aLK-CoMWRAF _dLK-CoMWRAF _eLK-CoMWRAF |
||
| 041 | _aeng | ||
| 082 |
_a828.914 _bMEH |
||
| 100 | _aMehta, Ved | ||
| 245 | _aDaddyji -Mamaji | ||
| 260 |
_aLondon: _bPan Books, _c1979 |
||
| 300 |
_a346 p. : portraits, 1 genealogical table ; 20 cm _bGlossary included |
||
| 650 | _aIndia-Social life and customs | ||
| 650 | _aHealth officers- India- Punjab- Biography | ||
| 942 | _cBK | ||
| 999 |
_c1112 _d1112 |
||